000 00522nam a2200193Ia 4500
005 20250326144856.0
008 250326s9999 xx 000 0 und d
020 _a0-87389-643-2
037 _aTextbook
040 _aFMSL
_beng
_cFMSL
041 _aeng
_2eng
084 _aX:89M P5
_qFMSL
100 _aCobb C G
_9750251
245 0 _aEnterprise process mappping
_cCobb C G
260 _aWisconsin
_bWisconsin, ASQ Quality
_c2005
300 _a128p
942 _cTB
_hX:89M P5
999 _c1305421
_d1305421